Mucuna killipiana una nueva especie de Fabaceae de los Andes colombianos (Registro nro. 16149)

Detalles MARC
000 -CABECERA
Campo de control 003850000a22001210004500
090 ## - CLASIFICACIÓN LOCAL
Colección AS
Consecutivo Seriadas
041 0# - IDIOMA
Código de idioma para texto/pista de sonido o título separado
100 1# - ASIENTO PRINCIPAL--NOMBRE PERSONAL
Nombre personal Hernández Camacho, Jorge
245 10 - MENCION DE TITULO
Título Mucuna killipiana una nueva especie de Fabaceae de los Andes colombianos
700 1# - ASIENTO SECUNDARIO - NOMBRE PERSONAL
Nombre personal Barbosa, César
773 1# - Item fuente:
Título Trianea
Datos de la serie Acta Científica y Tecnológica
Descripción física 1
Paginas del Articulo 37-43
Lugar, editorial y fecha de publicación 1988
942 ## - ELEMENTOS ADICIONALES (KOHA)
Tipo de ítem Artículo

No hay ítems disponibles.